| Tag |
First Indicator |
Second Indicator |
Subfields |
| LEADER |
00000nam a2200000Ia 4500 |
| 001 |
in00004339331 |
| 005 |
20200812094621.0 |
| 006 |
m g d |
| 007 |
cr bn |||a|bb| |
| 008 |
101209s1641 stk o 000 0 eng d |
| 040 |
|
|
|a UMI
|c UMI
|e dcrb
|
| 035 |
|
|
|a (OCoLC)690987895
|
| 037 |
|
|
|a CL0037000134
|b ProQuest, 789 E. Eisenhower Parkway, Ann Arbor, MI 48108-3218
|
| 043 |
|
|
|a e-uk---
|
| 090 |
|
|
|a DA397
|b .E54 1641
|
| 049 |
|
|
|a UMIA
|
| 110 |
1 |
|
|a England and Wales.
|b Parliament.
|b House of Commons.
|
| 245 |
1 |
4 |
|a The petition of the House of Commons presented to His Majestie. :
|b With the remonstrance of the state of the kingdome of England.
|
| 260 |
|
|
|a [Edinburgh] :
|b Printed at London and re-printed at Edinburgh,
|c [1641]
|
| 300 |
|
|
|a 1 online resource ([2], 5 pages)
|
| 336 |
|
|
|a text
|b txt
|2 rdacontent
|
| 337 |
|
|
|a computer
|b c
|2 rdamedia
|
| 338 |
|
|
|a online resource
|b cr
|2 rdacarrier
|
| 500 |
|
|
|a Date of publication suggested by Wing (2nd edition).
|
| 500 |
|
|
|a Page 4 misnumbered pages 3.
|
| 500 |
|
|
|a Headpiece, initial.
|
| 500 |
|
|
|a Reproduction of original in: Beinecke Rare Book and Manuscript Library.
|
| 510 |
4 |
|
|a Wing (2nd edition)
|c E2679C
|
| 533 |
|
|
|a Electronic reproduction.
|b Ann Arbor, Mich. :
|c UMI,
|d 1999-
|f (Early English books online)
|n Digital version of: (Early English Books, 1641-1700 ; 2976:31)
|7 s1999 miun s
|
| 650 |
|
0 |
|a Grand Remonstrance, 1641
|v Early works to 1800.
|
| 651 |
|
0 |
|a Great Britain
|x History
|y Charles I, 1625-1649
|v Early works to 1800.
|
| 651 |
|
0 |
|a Great Britain
|x Politics and government
|y 1625-1649
|v Early works to 1800.
|
| 830 |
|
0 |
|a Early English books online.
|
| 856 |
4 |
0 |
|u http://proxy.library.tamu.edu/login?url=https://search.proquest.com/docview/2240885928
|z Connect to the full text of this electronic book
|t 0
|
| 994 |
|
|
|a 02
|b UMI
|
| 999 |
f |
f |
|s f8afd142-0854-35bc-8912-202ed3f72378
|i a9c39150-7ef6-3262-99d5-88a16a4a69da
|t 0
|
| 952 |
f |
f |
|a Texas A&M University
|b College Station
|c Electronic Resources
|d Available Online
|t 0
|e DA397 .E54 1641
|h Library of Congress classification
|
| 998 |
f |
f |
|a DA397 .E54 1641
|t 0
|l Available Online
|